00517nam a2200193 a 4500001001300000003000900013005001700022008004100039020000800080082001500088100002400103245004800127260003600175300000900211500003500220505002400255650002000279700002400299nice12345678IN_TiNIC20260116011836.0050524s0000 dela grp 000 0 urd  ac500a297.8bISA aIsa, Mohd Ferozpuri aTableeghi Jamaat Ke Liye Rawangi Ki Hidayat aDelhibRabbani Book Depotc0000 a112p aincludes index and biblioraphy2 aBibliography, index aIslam-Movements1 aIsa, Mohd Ferozpuri